[Event "Titled Tuesday intern op 24th Jan Late"]
[Site "Chess.com INT"]
[Date "2023.01.24"]
[Round "4"]
[White "Radovanovic, Dusan"]
[Black "Mikaelyan, Arman"]
[Result "0-1"]
[WhiteElo "2311"]
[BlackElo "2504"]
[PlyCount "72"]
[EventDate "2023.01.24"]
[EventType "swiss (blitz)"]
[EventRounds "11"]
[EventCountry "USA"]
[SourceTitle "EXT 2024"]
[Source "ChessBase"]
[SourceDate "2023.10.10"]
[SourceVersion "1"]
[SourceVersionDate "2023.10.10"]
[SourceQuality "1"]

1. e4 c5 2. Nf3 Nc6 3. d4 cxd4 4. Nxd4 Qb6 5. Nb3 Nf6 6. Nc3 e6 7. Bd3 Bb4 8. 0-0 Bxc3 9. bxc3 d6 10. Qe2 0-0 11. Rb1 Qc7 12. Bg5 Nd7 13. f4 b6 14. Rbe1 Bb7 15. Qh5 Nc5 16. Re3 f6 17. Nxc5 dxc5 18. e5 g6 19. Bxg6 hxg6 20. Qxg6+ Qg7 21. Qxg7+ Kxg7 22. exf6+ Kf7 23. Bh6 Rh8 24. Bg7 Rh5 25. g4 Rh4 26. Rg3 Rd8 27. h3 Rd2 28. Rf2 Rd1+ 29. Rf1 Rxf1+ 30. Kxf1 Nb8 31. Kf2 Nd7 32. g5 Be4 33. Re3 Bf5 34. Kg2 Rxf4 35. Kg3 Ra4 36. h4 Rg4+ 0-1

[Event "Titled Tuesday intern op 17th Jan Late"]
[Site "Chess.com INT"]
[Date "2023.01.17"]
[Round "4"]
[White "Atanasov, Anthony"]
[Black "Radovanovic, Dusan"]
[Result "0-1"]
[WhiteElo "2361"]
[BlackElo "2311"]
[PlyCount "98"]
[EventDate "2023.01.17"]
[EventType "swiss (blitz)"]
[EventRounds "11"]
[EventCountry "USA"]
[SourceTitle "CBM 212 Extra"]
[Source "ChessBase"]
[SourceDate "2023.03.31"]
[SourceVersion "1"]
[SourceVersionDate "2023.03.31"]
[SourceQuality "1"]

1. d4 Nf6 2. Nf3 g6 3. c4 Bg7 4. Nc3 0-0 5. e4 d6 6. Be2 e5 7. dxe5 dxe5 8. Bg5 c6 9. Qxd8 Rxd8 10. Nxe5 Re8 11. 0-0-0 Na6 12. Nf3 h6 13. Be3 Ng4 14. Nd4 Nxe3 15. fxe3 Nc5 16. Bf3 a5 17. Kc2 h5 18. h3 Bd7 19. a3 a4 20. Rd2 Rad8 21. Rhd1 Bc8 22. g4 h4 23. Nde2 Rxd2+ 24. Rxd2 Be5 25. Nd4 Be6 26. Be2 Kg7 27. Nf3 Bxc3 28. bxc3 Nxe4 29. Rd4 Nc5 30. Nxh4 Bc8 31. Ng2 g5 32. Bd3 Kf6 33. Rd6+ Be6 34. Rd4 Rh8 35. h4 gxh4 36. Nf4 h3 37. Nh5+ Kg5 38. Rf4 Bxg4 39. Ng3 Be6 40. Bf5 h2 41. Bxe6 Nxe6 42. Rf5+ Kg4 43. Rxf7 Kxg3 44. Rg7+ Kf2 45. Rf7+ Kxe3 46. Re7 h1Q 47. Rxe6+ Qe4+ 48. Rxe4+ Kxe4 49. c5 Rh3 0-1

[Event "Titled Tuesday intern op 17th Jan Late"]
[Site "Chess.com INT"]
[Date "2023.01.17"]
[Round "1"]
[White "Zhigalko, Sergei"]
[Black "Radovanovic, Dusan"]
[Result "1-0"]
[WhiteElo "2572"]
[BlackElo "2311"]
[PlyCount "23"]
[EventDate "2023.01.17"]
[EventType "swiss (blitz)"]
[EventRounds "11"]
[EventCountry "USA"]
[SourceTitle "CBM 212 Extra"]
[Source "ChessBase"]
[SourceDate "2023.03.31"]
[SourceVersion "1"]
[SourceVersionDate "2023.03.31"]
[SourceQuality "1"]

1. e4 c5 2. Nf3 d6 3. d4 cxd4 4. Qxd4 a6 5. Bc4 Nc6 6. Qd3 e6 7. Nc3 Nf6 8. Bf4 Qc7 9. 0-0-0 Ne5 10. Nxe5 dxe5 11. Bxe5 Qa5 12. Nb5 1-0

[Event "Titled Tuesday intern op 20th Dec Late"]
[Site "Chess.com INT"]
[Date "2022.12.20"]
[Round "6"]
[White "Radovanovic, Dusan"]
[Black "Ardila, Oscar Humberto"]
[Result "0-1"]
[WhiteElo "2311"]
[BlackElo "1997"]
[PlyCount "128"]
[EventDate "2022.12.20"]
[EventType "swiss (blitz)"]
[EventRounds "11"]
[EventCountry "USA"]
[SourceTitle "EXT 2024"]
[Source "ChessBase"]
[SourceDate "2023.10.10"]
[SourceVersion "1"]
[SourceVersionDate "2023.10.10"]
[SourceQuality "1"]

1. e4 e5 2. Nf3 Nf6 3. Nc3 Nc6 4. Bb5 Bb4 5. 0-0 0-0 6. d3 d6 7. Bg5 Bxc3 8. bxc3 Qe7 9. Re1 Nd8 10. d4 Ne6 11. Bd2 Rd8 12. Bd3 Nf8 13. Nh4 Ng4 14. Nf3 Ng6 15. h3 Nf6 16. a4 c5 17. a5 Bd7 18. a6 b6 19. Kh2 Rac8 20. g3 Bc6 21. d5 Be8 22. c4 Bd7 23. Kg2 Rb8 24. Qe2 h6 25. Nh2 Rf8 26. h4 Rfe8 27. h5 Nf8 28. f4 N8h7 29. fxe5 dxe5 30. Rf1 Rf8 31. Be3 Ne8 32. Ng4 Bxg4 33. Qxg4 Kh8 34. Rf2 Nhf6 35. Qh4 Ng8 36. Qh3 Rd8 37. Raf1 Nd6 38. g4 f6 39. Qg3 Nf7 40. Rf5 Ng5 41. Bxg5 hxg5 42. Qh2 Nh6 43. Kg3 Qd7 44. Be2 Nxf5+ 45. Rxf5 Kg8 46. h6 Qf7 47. Rf1 Qg6 48. Bd3 Qxh6 49. Qg2 Qh4+ 50. Kf3 Qh7 51. Rh1 Qg6 52. Qh3 Kf7 53. Qf1 Rh8 54. Rg1 Rh2 55. Qb1 Qh6 56. Rg3 Rh3 57. Qb5 Rxg3+ 58. Kxg3 Qh4+ 59. Kf3 Qh3+ 60. Kf2 Qxg4 61. Qc6 Kg6 62. Qc7 Rh8 63. d6 Rh2+ 64. Ke3 Qf4# 0-1

[Event "Titled Tuesday intern op 20th Dec Late"]
[Site "Chess.com INT"]
[Date "2022.12.20"]
[Round "3"]
[White "Radovanovic, Dusan"]
[Black "Barria Zuniga, Daniel"]
[Result "0-1"]
[WhiteElo "2311"]
[BlackElo "2341"]
[PlyCount "46"]
[EventDate "2022.12.20"]
[EventType "swiss (blitz)"]
[EventRounds "11"]
[EventCountry "USA"]
[SourceTitle "EXT 2024"]
[Source "ChessBase"]
[SourceDate "2023.10.10"]
[SourceVersion "1"]
[SourceVersionDate "2023.10.10"]
[SourceQuality "1"]

1. e4 g6 2. d4 Bg7 3. Nc3 c5 4. dxc5 Bxc3+ 5. bxc3 Nf6 6. Qd4 Nc6 7. Qa4 0-0 8. Nf3 b6 9. Bd3 bxc5 10. 0-0 Qc7 11. Bg5 Nh5 12. g3 d6 13. Rab1 Bd7 14. Qa6 Rfb8 15. Bc4 Ng7 16. Rfe1 Bg4 17. Nd2 Be6 18. Bd5 Bd7 19. Bxc6 Bxc6 20. Bxe7 Rb6 21. Rxb6 axb6 22. Bxd6 Qxd6 23. Qxb6 Qxd2 0-1

[Event "Titled Tuesday intern op 20th Dec Late"]
[Site "Chess.com INT"]
[Date "2022.12.20"]
[Round "8"]
[White "Radovanovic, Dusan"]
[Black "Gerbelli Neto, Eduardo"]
[Result "1-0"]
[WhiteElo "2311"]
[BlackElo "2114"]
[PlyCount "67"]
[EventDate "2022.12.20"]
[EventType "swiss (blitz)"]
[EventRounds "11"]
[EventCountry "USA"]
[SourceTitle "EXT 2024"]
[Source "ChessBase"]
[SourceDate "2023.10.10"]
[SourceVersion "1"]
[SourceVersionDate "2023.10.10"]
[SourceQuality "1"]

1. e4 e5 2. Nf3 Nc6 3. Nc3 Nf6 4. Bb5 Bb4 5. 0-0 Bxc3 6. bxc3 d6 7. d4 0-0 8. Bg5 Qe7 9. Re1 Nd8 10. Nh4 c5 11. Nf5 Bxf5 12. exf5 a6 13. Bf1 Nc6 14. d5 Nb8 15. f4 Nbd7 16. fxe5 Nxe5 17. a4 Rfe8 18. a5 h6 19. Bh4 Qd7 20. Bxf6 gxf6 21. Qh5 Kh7 22. Re3 Rh8 23. Rb1 Rag8 24. Rh3 Kg7 25. Rb6 Kf8 26. Rg3 Rg5 27. Rxg5 fxg5 28. Bd3 Kg7 29. Be4 Re8 30. f6+ Kxf6 31. Qxh6+ Ng6 32. Bxg6 fxg6 33. Rb1 Re5 34. Qf8+ 1-0

[Event "Titled Tuesday intern op 13th Dec Late"]
[Site "Chess.com INT"]
[Date "2022.12.13"]
[Round "6"]
[White "Ankerst, Mihael"]
[Black "Radovanovic, Dusan"]
[Result "1-0"]
[WhiteElo "2370"]
[BlackElo "2311"]
[PlyCount "43"]
[EventDate "2022.12.13"]
[EventType "swiss (blitz)"]
[EventRounds "11"]
[EventCountry "USA"]
[SourceTitle "EXT 2024"]
[Source "ChessBase"]
[SourceDate "2023.10.10"]
[SourceVersion "1"]
[SourceVersionDate "2023.10.10"]
[SourceQuality "1"]

1. e4 c5 2. Nf3 d6 3. d4 cxd4 4. Nxd4 Nf6 5. Nc3 g6 6. f4 Nc6 7. Nxc6 bxc6 8. e5 Nd7 9. Bc4 Nb6 10. Bd3 Bg7 11. 0-0 0-0 12. Kh1 dxe5 13. f5 Nd5 14. Qf3 Nxc3 15. bxc3 Qa5 16. Bg5 Qc5 17. Rab1 gxf5 18. Bxf5 e6 19. Be4 Ba6 20. Bf6 Kh8 21. Bxg7+ Kxg7 22. Qf6+ 1-0

[Event "Titled Tuesday intern op 13th Dec Late"]
[Site "Chess.com INT"]
[Date "2022.12.13"]
[Round "1"]
[White "Radovanovic, Dusan"]
[Black "Fedoseev, Vladimir1111"]
[Result "0-1"]
[WhiteElo "2311"]
[BlackElo "2688"]
[PlyCount "76"]
[EventDate "2022.12.13"]
[EventType "swiss (blitz)"]
[EventRounds "11"]
[EventCountry "USA"]
[SourceTitle "EXT 2024"]
[Source "ChessBase"]
[SourceDate "2023.10.10"]
[SourceVersion "1"]
[SourceVersionDate "2023.10.10"]
[SourceQuality "1"]

1. e4 c6 2. d4 d5 3. e5 c5 4. dxc5 e6 5. Qg4 h5 6. Qf4 Bxc5 7. Bd3 Nc6 8. Nf3 f6 9. 0-0 g5 10. Bg6+ Kd7 11. Qa4 g4 12. Nfd2 fxe5 13. c4 Nge7 14. Bd3 e4 15. Be2 Kc7 16. Nc3 a6 17. a3 Bd7 18. Qc2 Nd4 19. Qd1 Bc6 20. b4 Bd6 21. Bb2 Be5 22. b5 axb5 23. cxb5 Bd7 24. Rc1 Kb8 25. Nb3 Nef5 26. Nc5 Bc8 27. a4 Qd6 28. Nb3 Bxh2+ 29. Kh1 Be5 30. a5 Nxb3 31. Qxb3 Rxa5 32. Rfd1 Nd4 33. Nxe4 Nxb3 34. Nxd6 Bxb2 35. Rxc8+ Rxc8 36. Nxc8 Kxc8 37. Rb1 Ra1 38. Rxa1 Bxa1 0-1

[Event "Titled Tuesday intern op 13th Dec Late"]
[Site "Chess.com INT"]
[Date "2022.12.13"]
[Round "10"]
[White "Radovanovic, Dusan"]
[Black "Nasuta, Grzegorz"]
[Result "0-1"]
[WhiteElo "2311"]
[BlackElo "2546"]
[PlyCount "156"]
[EventDate "2022.12.13"]
[EventType "swiss (blitz)"]
[EventRounds "11"]
[EventCountry "USA"]
[SourceTitle "EXT 2024"]
[Source "ChessBase"]
[SourceDate "2023.10.10"]
[SourceVersion "1"]
[SourceVersionDate "2023.10.10"]
[SourceQuality "1"]

1. e4 c5 2. Nf3 d6 3. d4 cxd4 4. Nxd4 Nf6 5. Nc3 a6 6. Rg1 e5 7. Nb3 Be6 8. g4 d5 9. exd5 Nxd5 10. Nxd5 Qxd5 11. Qxd5 Bxd5 12. Be3 Nc6 13. 0-0-0 0-0-0 14. Bb6 Rd7 15. g5 h6 16. Bh3 Be6 17. Bxe6 fxe6 18. Rxd7 Kxd7 19. g6 Be7 20. Rd1+ Kc8 21. Bc5 Rf8 22. Bxe7 Nxe7 23. Nc5 Rf6 24. Rd7 Nxg6 25. Rxg7 Nf8 26. Nxb7 Rxf2 27. Nc5 a5 28. a3 Kd8 29. b4 axb4 30. axb4 Rf4 31. c3 Rh4 32. Kc2 Rxh2+ 33. Kb3 e4 34. Nxe4 Nd7 35. c4 Nb6 36. c5 Rh3+ 37. Kc2 Nd5 38. b5 Re3 39. b6 Rxe4 40. Rg8+ Kd7 41. b7 Nb4+ 42. Kd2 Nc6 43. b8Q Nxb8 44. Rxb8 Re5 45. Rh8 h5 46. Rh7+ Kc6 47. Rh6 Kxc5 48. Kd3 Kd5 49. Kd2 Rg5 50. Ke3 Rf5 51. Rh8 Ke5 52. Rh7 Kf6 53. Rh6+ Kf7 54. Ke4 Ra5 55. Ke3 Re5+ 56. Kf4 Rf5+ 57. Ke4 Ke7 58. Rh7+ Kd6 59. Rh6 Ra5 60. Rh7 h4 61. Ke3 Ra3+ 62. Ke4 Ra4+ 63. Ke3 h3 64. Rh5 Ra3+ 65. Ke4 Ra4+ 66. Ke3 e5 67. Rh8 Kd5 68. Rd8+ Ke6 69. Rh8 Kf6 70. Rh5 Ra3+ 71. Ke4 Ra4+ 72. Ke3 Kg6 73. Rh8 Kg5 74. Rg8+ Kh4 75. Rh8+ Kg3 76. Rg8+ Rg4 77. Rh8 h2 78. Ke2 Kg2 0-1

[Event "Titled Tuesday intern op 13th Dec Late"]
[Site "Chess.com INT"]
[Date "2022.12.13"]
[Round "7"]
[White "Radovanovic, Dusan"]
[Black "Rodriguez Santiago, Jaime"]
[Result "1-0"]
[WhiteElo "2311"]
[BlackElo "1986"]
[PlyCount "53"]
[EventDate "2022.12.13"]
[EventType "swiss (blitz)"]
[EventRounds "11"]
[EventCountry "USA"]
[SourceTitle "EXT 2024"]
[Source "ChessBase"]
[SourceDate "2023.10.10"]
[SourceVersion "1"]
[SourceVersionDate "2023.10.10"]
[SourceQuality "1"]

1. e4 c6 2. d4 d5 3. e5 Bf5 4. h4 h5 5. Bd3 Bxd3 6. Qxd3 Qa5+ 7. Nd2 e6 8. Ne2 Qa6 9. c4 c5 10. b3 Nc6 11. 0-0 Nh6 12. Nf3 Nf5 13. Qc2 dxc4 14. d5 Nb4 15. Qe4 Nxd5 16. bxc4 Nb6 17. Ng3 g6 18. Bg5 Rb8 19. Rad1 Be7 20. Bxe7 Nxe7 21. Qf4 Qxc4 22. Ne4 Nf5 23. Nf6+ Ke7 24. Rd7+ Kf8 25. Ng5 Nxd7 26. Nxd7+ Kg7 27. Qxc4 1-0

[Event "Titled Tuesday intern op 13th Dec Late"]
[Site "Chess.com INT"]
[Date "2022.12.13"]
[Round "2"]
[White "Topalov, Aleksandar"]
[Black "Radovanovic, Dusan"]
[Result "1-0"]
[WhiteElo "2233"]
[BlackElo "2311"]
[PlyCount "67"]
[EventDate "2022.12.13"]
[EventType "swiss (blitz)"]
[EventRounds "11"]
[EventCountry "USA"]
[SourceTitle "EXT 2024"]
[Source "ChessBase"]
[SourceDate "2023.10.10"]
[SourceVersion "1"]
[SourceVersionDate "2023.10.10"]
[SourceQuality "1"]

1. b3 e5 2. Bb2 Nc6 3. c4 Nf6 4. e3 d5 5. cxd5 Nxd5 6. a3 Be6 7. Qc2 Be7 8. Nf3 f6 9. d3 0-0 10. Nbd2 Qd7 11. Be2 Rad8 12. 0-0 Kh8 13. Rfd1 Rfe8 14. Rac1 Bf8 15. Ne4 Qf7 16. b4 a6 17. d4 exd4 18. Nxd4 Nxd4 19. Bxd4 c6 20. Nc5 Bc8 21. Bd3 Qh5 22. Be2 Qh6 23. Bf3 Bd6 24. g3 Bb8 25. e4 Nc7 26. Be3 Qg6 27. Qe2 Qf7 28. Bh5 g6 29. Bg4 Bxg4 30. Qxg4 Ne6 31. Nxe6 Rxd1+ 32. Rxd1 Rxe6 33. Rd8+ Re8 34. Qc8 1-0

[Event "Titled Tuesday intern op 06th Dec Late"]
[Site "Chess.com INT"]
[Date "2022.12.06"]
[Round "7"]
[White "Radovanovic, Dusan"]
[Black "Manukyan, Sargis V"]
[Result "0-1"]
[WhiteElo "2311"]
[BlackElo "2253"]
[PlyCount "36"]
[EventDate "2022.12.06"]
[EventType "swiss (blitz)"]
[EventRounds "11"]
[EventCountry "USA"]
[SourceTitle "CBM 211 Extra"]
[Source "ChessBase"]
[SourceDate "2023.01.31"]
[SourceVersion "1"]
[SourceVersionDate "2023.01.31"]
[SourceQuality "1"]

1. e4 c5 2. Nf3 Nc6 3. Bb5 g6 4. 0-0 Bg7 5. c3 a6 6. Bxc6 bxc6 7. d4 cxd4 8. cxd4 Nf6 9. Nc3 0-0 10. h3 d5 11. e5 Ne4 12. Na4 Rb8 13. b3 c5 14. Nxc5 Nxc5 15. dxc5 d4 16. Re1 d3 17. Bb2 Bb7 18. Rc1 Bxf3 0-1

[Event "Titled Tuesday intern op 06th Dec Late"]
[Site "Chess.com INT"]
[Date "2022.12.06"]
[Round "6"]
[White "Saya, Ethan"]
[Black "Radovanovic, Dusan"]
[Result "1/2-1/2"]
[WhiteElo "2138"]
[BlackElo "2311"]
[PlyCount "196"]
[EventDate "2022.12.06"]
[EventType "swiss (blitz)"]
[EventRounds "11"]
[EventCountry "USA"]
[SourceTitle "CBM 211 Extra"]
[Source "ChessBase"]
[SourceDate "2023.01.31"]
[SourceVersion "1"]
[SourceVersionDate "2023.01.31"]
[SourceQuality "1"]

1. d4 Nf6 2. c4 g6 3. Nf3 Bg7 4. g3 0-0 5. Bg2 d6 6. 0-0 Nc6 7. Nc3 e5 8. dxe5 dxe5 9. Qxd8 Rxd8 10. Bg5 Be6 11. Bxf6 Bxf6 12. Ne4 Be7 13. b3 h6 14. Rad1 f5 15. Nc3 e4 16. Nd2 Nd4 17. Ndb1 Bf6 18. e3 Nc6 19. Nd5 Bxd5 20. Rxd5 Nb4 21. Rb5 Nxa2 22. Rxb7 Be5 23. Na3 a6 24. Nc2 Rdb8 25. Rxb8+ Rxb8 26. Nd4 Bxd4 27. exd4 Rxb3 28. Ra1 Nb4 29. Bf1 Kg7 30. c5 g5 31. Bxa6 f4 32. gxf4 gxf4 33. Bb7 e3 34. fxe3 fxe3 35. Bf3 Kf6 36. d5 Ke5 37. Rd1 Kf4 38. Be2 Rb2 39. Kf1 Ke5 40. d6 cxd6 41. cxd6 Rd2 42. d7 Rxd1+ 43. Bxd1 Nc6 44. Ke2 Kd6 45. Kxe3 Kxd7 46. Kf4 Ke7 47. Kf5 Kf7 48. Bb3+ Kg7 49. Bd1 Nd4+ 50. Ke5 Nc6+ 51. Ke6 Nd8+ 52. Kf5 Nf7 53. h4 Nd6+ 54. Kf4 Kf6 55. Bg4 Nf7 56. Bh5 Ne5 57. Be8 Nd3+ 58. Ke3 Ne5 59. Kf4 Nd3+ 60. Kg4 Ne5+ 61. Kh5 Kg7 62. Bb5 Nf7 63. Kg4 Kf6 64. Be2 Ne5+ 65. Kh5 Kg7 66. Bd1 Nd3 67. Bf3 Nc5 68. Kg4 Ne6 69. Bd5 Nf8 70. Kf5 Nd7 71. Bf3 Nf6 72. Kf4 Kg6 73. Bd1 Nd7 74. h5+ Kf6 75. Bg4 Nf8 76. Bf5 Ne6+ 77. Kg4 Ng5 78. Bd3 Nf7 79. Bb1 Ne5+ 80. Kf4 Nf7 81. Bg6 Ne5 82. Be4 Nf7 83. Kg4 Ne5+ 84. Kh4 Nf7 85. Bg2 Ne5 86. Bh3 Nf7 87. Bg4 Ng5 88. Kg3 Nf7 89. Kf4 Ne5 90. Bf3 Nxf3 91. Kxf3 Kg5 92. Kg3 Kxh5 93. Kh2 Kg4 94. Kh1 h5 95. Kg1 h4 96. Kh1 h3 97. Kg1 Kg3 98. Kh1 h2 1/2-1/2

[Event "Titled Tuesday intern op 29th Nov Late"]
[Site "Chess.com INT"]
[Date "2022.11.29"]
[Round "3"]
[White "Melikyan, Gnel"]
[Black "Radovanovic, Dusan"]
[Result "0-1"]
[WhiteElo "2238"]
[BlackElo "2311"]
[PlyCount "116"]
[EventDate "2022.11.29"]
[EventType "swiss (blitz)"]
[EventRounds "11"]
[EventCountry "USA"]
[SourceTitle "EXT 2024"]
[Source "ChessBase"]
[SourceDate "2023.10.10"]
[SourceVersion "1"]
[SourceVersionDate "2023.10.10"]
[SourceQuality "1"]

1. d4 Nf6 2. c4 g6 3. Nc3 Bg7 4. e4 d6 5. h3 0-0 6. Be3 e5 7. d5 c6 8. g4 a5 9. Nge2 Na6 10. Ng3 Nc5 11. f3 cxd5 12. cxd5 a4 13. h4 Qa5 14. Qd2 Bd7 15. h5 b5 16. hxg6 fxg6 17. Be2 b4 18. Nd1 Bb5 19. Bxc5 dxc5 20. Ne3 Nd7 21. Rc1 Bxe2 22. Kxe2 Qb5+ 23. Kf2 Nb6 24. Qe2 Qa5 25. Nc4 Nxc4 26. Qxc4 b3 27. axb3 Qd2+ 28. Qe2 Qd4+ 29. Kg2 axb3 30. Rhd1 Qb4 31. d6 Bh6 32. Rc4 Qb5 33. Rc3 Qd7 34. Rxb3 Bf4 35. Qc4+ Kh8 36. Ne2 Bg5 37. Qd5 Bf6 38. Rb7 Qa4 39. Rh1 Bg7 40. Rxg7 Kxg7 41. Qxe5+ Kg8 42. Qd5+ Kg7 43. Qxc5 Qa5 44. Qxa5 Rxa5 45. Nd4 Rb8 46. Ne6+ Kf6 47. Nf4 Rxb2+ 48. Kg3 Raa2 49. Rxh7 g5 50. Nh5+ Kg6 51. Rg7+ Kh6 52. Rxg5 Kxg5 53. f4+ Kg6 54. Kh3 Rb3+ 55. Ng3 Raa3 56. Kh4 Rxg3 57. f5+ Kf6 58. d7 Rh3# 0-1

[Event "Titled Tuesday intern op 29th Nov Late"]
[Site "Chess.com INT"]
[Date "2022.11.29"]
[Round "9"]
[White "Radovanovic, Dusan"]
[Black "Janaszak, Dawid"]
[Result "1/2-1/2"]
[WhiteElo "2311"]
[BlackElo "2322"]
[PlyCount "133"]
[EventDate "2022.11.29"]
[EventType "swiss (blitz)"]
[EventRounds "11"]
[EventCountry "USA"]
[SourceTitle "EXT 2024"]
[Source "ChessBase"]
[SourceDate "2023.10.10"]
[SourceVersion "1"]
[SourceVersionDate "2023.10.10"]
[SourceQuality "1"]

1. e4 e6 2. d4 b5 3. Bd3 Bb7 4. Nf3 c5 5. c3 a6 6. 0-0 Nf6 7. e5 Nd5 8. Ng5 Be7 9. Qh5 g6 10. Qh6 Bf8 11. Qh3 cxd4 12. Ne4 Qb6 13. Bg5 Nc6 14. Bf6 Nxf6 15. Nxf6+ Kd8 16. Qg3 Be7 17. Nd2 Bxf6 18. exf6 Qc7 19. Qh4 dxc3 20. bxc3 Ne5 21. Be4 d5 22. Bf3 Qxc3 23. Rfd1 Rc8 24. Be2 h5 25. Nb3 Nc4 26. Nd4 Kc7 27. Rac1 Qb2 28. Rc2 Qb4 29. Qf4+ Qd6 30. Qc1 Kb8 31. a4 e5 32. Nf3 Qa3 33. Rxc4 Qxc1 34. Rcxc1 Rxc1 35. Rxc1 e4 36. Ng5 bxa4 37. Rb1 Kc7 38. Nxf7 Rf8 39. Ne5 Rxf6 40. f3 a3 41. fxe4 dxe4 42. Ra1 Rb6 43. Rxa3 Rb2 44. Kf1 Rb1+ 45. Kf2 Rb2 46. Ke3 g5 47. Nc4 Rb1 48. Nd2 Rg1 49. Kf2 Rh1 50. h3 g4 51. Re3 gxh3 52. Rxh3 Rxh3 53. gxh3 Kd6 54. Ke3 Ke5 55. Bxh5 Bd5 56. Bg6 a5 57. Bxe4 Be6 58. Bc2 Bxh3 59. Ba4 Be6 60. Ne4 Bd5 61. Nc3 Kd6 62. Nb5+ Kc5 63. Nc3 Kb4 64. Nxd5+ Kxa4 65. Nc3+ Kb3 66. Kd3 a4 67. Nxa4 1/2-1/2

[Event "Titled Tuesday intern op 29th Nov Late"]
[Site "Chess.com INT"]
[Date "2022.11.29"]
[Round "1"]
[White "Radovanovic, Dusan"]
[Black "Suder, Jakub"]
[Result "0-1"]
[WhiteElo "2311"]
[BlackElo "2244"]
[PlyCount "98"]
[EventDate "2022.11.29"]
[EventType "swiss (blitz)"]
[EventRounds "11"]
[EventCountry "USA"]
[SourceTitle "EXT 2024"]
[Source "ChessBase"]
[SourceDate "2023.10.10"]
[SourceVersion "1"]
[SourceVersionDate "2023.10.10"]
[SourceQuality "1"]

1. e4 c5 2. Nf3 e6 3. d4 cxd4 4. Nxd4 Nc6 5. Nc3 Nf6 6. Ndb5 d6 7. Bf4 e5 8. Bg5 a6 9. Na3 Be6 10. Nc4 Rb8 11. Bxf6 Qxf6 12. Ne3 Qd8 13. Ncd5 Be7 14. Nxe7 Nxe7 15. Bc4 0-0 16. 0-0 b5 17. Bb3 a5 18. Qd2 a4 19. Bxe6 fxe6 20. Rad1 Rb6 21. Qb4 Qb8 22. Rd2 Rd8 23. Rfd1 Nc6 24. Rxd6 Nxb4 25. Rxd8+ Qxd8 26. Rxd8+ Kf7 27. c3 Nxa2 28. Ng4 Rb7 29. Nxe5+ Kf6 30. Nd3 b4 31. cxb4 Nxb4 32. e5+ Kf5 33. Rf8+ Kg5 34. f4+ Kg6 35. Nc5 Rc7 36. Nxe6 Rc1+ 37. Kf2 Nd3+ 38. Ke3 Nxb2 39. f5+ Kh6 40. g4 a3 41. Ra8 Rc3+ 42. Kd4 Rd3+ 43. Ke4 Rb3 44. h4 Rb4+ 45. Nd4 Na4 46. Ra6+ g6 47. fxg6 hxg6 48. h5 a2 49. Rxg6+ Kh7 0-1

[Event "Titled Tuesday intern op 15th Nov Late"]
[Site "Chess.com INT"]
[Date "2022.11.15"]
[Round "4"]
[White "Hansen, Sune Berg"]
[Black "Radovanovic, Dusan"]
[Result "1-0"]
[WhiteElo "2532"]
[BlackElo "2311"]
[PlyCount "51"]
[EventDate "2022.11.15"]
[EventType "swiss (blitz)"]
[EventRounds "11"]
[EventCountry "USA"]
[SourceTitle "CBM 211 Extra"]
[Source "ChessBase"]
[SourceDate "2023.01.31"]
[SourceVersion "1"]
[SourceVersionDate "2023.01.31"]
[SourceQuality "1"]

1. e4 c5 2. Nf3 d6 3. g3 Nc6 4. Bg2 Nf6 5. d3 g6 6. 0-0 Bg7 7. Re1 0-0 8. c3 Bg4 9. h3 Bxf3 10. Qxf3 Nd7 11. a4 a6 12. Qe2 Qc7 13. Nd2 b5 14. Nf3 b4 15. Qc2 Rab8 16. Bg5 h6 17. Be3 Rfc8 18. Qd2 Kh7 19. d4 bxc3 20. bxc3 Qa5 21. Red1 Rb3 22. Rac1 Rcb8 23. e5 Rb2 24. Qd3 cxd4 25. cxd4 Qxa4 26. Rxc6 1-0

[Event "Titled Tuesday intern op 15th Nov Late"]
[Site "Chess.com INT"]
[Date "2022.11.15"]
[Round "9"]
[White "Milchev, Nikolay"]
[Black "Radovanovic, Dusan"]
[Result "1-0"]
[WhiteElo "2386"]
[BlackElo "2311"]
[PlyCount "67"]
[EventDate "2022.11.15"]
[EventType "swiss (blitz)"]
[EventRounds "11"]
[EventCountry "USA"]
[SourceTitle "CBM 211 Extra"]
[Source "ChessBase"]
[SourceDate "2023.01.31"]
[SourceVersion "1"]
[SourceVersionDate "2023.01.31"]
[SourceQuality "1"]

1. Nf3 Nf6 2. c4 g6 3. Nc3 Bg7 4. e4 d6 5. d4 0-0 6. h3 e5 7. dxe5 dxe5 8. Be3 c6 9. c5 Qe7 10. Bc4 Be6 11. Qb3 Bxc4 12. Qxc4 Nbd7 13. 0-0 Rfe8 14. Rfd1 Nf8 15. Rd6 Nh5 16. Rad1 Nf4 17. b4 N4e6 18. a4 a6 19. b5 axb5 20. axb5 h5 21. bxc6 bxc6 22. Rxc6 g5 23. Nd5 Qb7 24. Rb6 Qa7 25. Nxg5 Nd4 26. c6 Nfe6 27. Rb7 Qa5 28. Nxf7 Qa2 29. Qxa2 Rxa2 30. Nd6 Rf8 31. c7 Rc2 32. c8Q Rcxc8 33. Nxc8 Rxc8 34. Ne7+ 1-0

[Event "Titled Tuesday intern op 15th Nov Late"]
[Site "Chess.com INT"]
[Date "2022.11.15"]
[Round "7"]
[White "Radovanovic, Dusan"]
[Black "Gerbelli Neto, Eduardo"]
[Result "1-0"]
[WhiteElo "2311"]
[BlackElo "2114"]
[PlyCount "49"]
[EventDate "2022.11.15"]
[EventType "swiss (blitz)"]
[EventRounds "11"]
[EventCountry "USA"]
[SourceTitle "CBM 211 Extra"]
[Source "ChessBase"]
[SourceDate "2023.01.31"]
[SourceVersion "1"]
[SourceVersionDate "2023.01.31"]
[SourceQuality "1"]

1. e4 e5 2. Nf3 Nc6 3. Nc3 Nf6 4. Bb5 Bb4 5. 0-0 d6 6. Nd5 Ba5 7. d4 exd4 8. Bg5 Bd7 9. Bxf6 gxf6 10. Nxd4 Ne5 11. Bxd7+ Kxd7 12. f4 Ng6 13. Qg4+ Ke8 14. Qf5 Bb6 15. c3 c6 16. Nxf6+ Ke7 17. Kh1 Kf8 18. Rad1 Qe7 19. e5 Bd8 20. Rde1 dxe5 21. fxe5 Bc7 22. e6 Nf4 23. Rxf4 Bxf4 24. Qxf4 Rd8 25. Qh6# 1-0

[Event "Titled Tuesday intern op 15th Nov Late"]
[Site "Chess.com INT"]
[Date "2022.11.15"]
[Round "3"]
[White "Radovanovic, Dusan"]
[Black "Sargsyan, Anna M"]
[Result "1-0"]
[WhiteElo "2311"]
[BlackElo "2384"]
[PlyCount "55"]
[EventDate "2022.11.15"]
[EventType "swiss (blitz)"]
[EventRounds "11"]
[EventCountry "USA"]
[SourceTitle "CBM 211 Extra"]
[Source "ChessBase"]
[SourceDate "2023.01.31"]
[SourceVersion "1"]
[SourceVersionDate "2023.01.31"]
[SourceQuality "1"]

1. e4 c6 2. d4 d5 3. e5 Bf5 4. h4 h5 5. Bd3 Bxd3 6. Qxd3 e6 7. Bg5 Qb6 8. Nd2 Ne7 9. Ne2 Nf5 10. c4 Bb4 11. b3 Bxd2+ 12. Qxd2 0-0 13. 0-0 Nd7 14. c5 Qc7 15. Ng3 Nxg3 16. fxg3 b6 17. Kh2 bxc5 18. Bf6 Kh7 19. Bxg7 Kxg7 20. Qg5+ Kh7 21. Rf6 Nxf6 22. exf6 Qxg3+ 23. Qxg3 Rg8 24. Qe5 Rg6 25. Qxh5+ Kg8 26. Qe5 cxd4 27. h5 Rg4 28. Kh3 1-0